000 00896nam a22002657a 4500
001 9850
003 FISKH
005 20260305100510.0
008 260305b cb ||||| |||| 00| 0 eng d
020 _a9780531207772
040 _aFISKH
_beng
_cFISKH
_dFISKH
050 _aQC16 .A48 .V46
082 _a530.092
100 _aVenezia , Mike
245 _aLuis Alvarez :
_bWild idea man /
_cWritten and illustrated by Mike Venezia
260 _aNew York :
_bScholastic ,
_c2010.
300 _a32 pages :
_bcolor illustrations ;
_c24 cm .
490 _aGetting to Know the World's Greatest Inventors & Scientists
520 _aA short biography of physicist Luis Alvarez.
650 _aAlvarez , Luis W ., 1911
_vJuvenile Literature
650 _aPhysicsists- United States- Biography
_vJuvenile Literature
700 _aVenezia , Mike
_eIllustrator
942 _2ddc
_cBK
_n0
999 _c9850
_d9850